000 00696cam a2200145 4500500
005 20260201151806.0
041 _afre
042 _adc
100 1 0 _aBeaufils, Thomas
_eauthor
245 0 0 _aPerry J. Moree, A Concise History of Dutch Mauritius, 1598-1710., A Fruitful and Healthy Land, London, Kegan Paul International/Leiden & Amsterdam, IIAS, 1998, v + 127 p., sources, bibl., index, ill., cartes, (« Studies from the International Institute for Asian Studies »)
260 _c2001.
500 _a18
786 0 _nL'Homme | 158-159 | 2 | 2001-09-01 | p. 383zh-488zh | 0439-4216
856 4 1 _uhttps://shs.cairn.info/revue-l-homme-2001-2-page-383zh?lang=fr&redirect-ssocas=7080
999 _c1643076
_d1643076